Microeconomics : (Record no. 17142)
[ view plain ]
| 000 -LEADER | |
|---|---|
| fixed length control field | 00724cam a2200229 a 4500 |
| 001 - CONTROL NUMBER | |
| control field | 16710271 |
| 005 - DATE AND TIME OF LATEST TRANSACTION | |
| control field | 20121213151855.0 |
| 008 - FIXED-LENGTH DATA ELEMENTS--GENERAL INFORMATION | |
| fixed length control field | 110328s2012 ohua b 001 0 eng |
| 020 ## - INTERNATIONAL STANDARD BOOK NUMBER | |
| International Standard Book Number | 053845363X |
| 020 ## - INTERNATIONAL STANDARD BOOK NUMBER | |
| International Standard Book Number | 9780538453639 |
| 082 ## - DEWEY DECIMAL CLASSIFICATION NUMBER | |
| Edition number | 22 |
| Classification number | 338.5 |
| Item number | BAU |
| 100 1# - MAIN ENTRY--PERSONAL NAME | |
| Personal name | Baumol, William J. |
| 9 (RLIN) | 28304 |
| 245 10 - TITLE STATEMENT | |
| Title | Microeconomics : |
| Remainder of title | Principles & Policy / |
| Statement of responsibility, etc | William J. Baumol, Alan S. Blinder. |
| 250 ## - EDITION STATEMENT | |
| Edition statement | 12th ed. |
| 260 ## - PUBLICATION, DISTRIBUTION, ETC. (IMPRINT) | |
| Place of publication, distribution, etc | Mason, OH : |
| Name of publisher, distributor, etc | South Western, Cengage Learning, |
| Date of publication, distribution, etc | c2011. |
| 300 ## - PHYSICAL DESCRIPTION | |
| Extent | xxiii, 523 p. : |
| Other physical details | ill. ; |
| Dimensions | 28 cm. |
| 504 ## - BIBLIOGRAPHY, ETC. NOTE | |
| Bibliography, etc | Includes bibliographical references and index. |
| 650 #0 - SUBJECT ADDED ENTRY--TOPICAL TERM | |
| Topical term or geographic name as entry element | Microeconomics. |
| 9 (RLIN) | 31714 |
| 653 ## - INDEX TERM--UNCONTROLLED | |
| Arrived date list | December2012 |
| Resource For college | |
| 700 1# - ADDED ENTRY--PERSONAL NAME | |
| Personal name | Blinder, Alan S. |
| 9 (RLIN) | 28306 |
| 942 ## - ADDED ENTRY ELEMENTS (KOHA) | |
| Source of classification or shelving scheme | Dewey Decimal Classification |
| Item type | Book - Borrowing |
| Withdrawn status | Item status | Source of classification or shelving scheme | Damaged status | Not for loan | Vendor | Home library | Current library | Shelving location | Date acquired | Source of acquisition | Cost, normal purchase price | Serial Enumeration / chronology | Total Checkouts | Total Renewals | Full call number | Barcode | Date last seen | Date last borrowed | Koha item type |
|---|---|---|---|---|---|---|---|---|---|---|---|---|---|---|---|---|---|---|---|
| Dewey Decimal Classification | Baccah | Central Library | Central Library | First floor | 13/12/2012 | 220.00 | 1 | 9 | 24 | 338.5 BAU | 000027886 | 15/07/2025 | 27/12/2017 | Book - Borrowing | |||||
| Dewey Decimal Classification | Baccah | Central Library | Central Library | First floor | 13/12/2012 | 220.00 | 1 | 6 | 11 | 338.5 BAU | 000027887 | 15/07/2025 | 02/10/2017 | Book - Borrowing | |||||
| Dewey Decimal Classification | Baccah | Central Library | Central Library | First floor | 13/12/2012 | 220.00 | 1 | 10 | 14 | 338.5 BAU | 000027888 | 15/07/2025 | 02/10/2017 | Book - Borrowing |